La araucana /

Guardado en:
Autor Principal: Ercilla
Formato: Libro
Publicado: Buenos Aires : Espasa Calpe, 1947
Materias:
Etiquetas: Agregar Etiqueta
Sin Etiquetas, Sea el primero en etiquetar este registro!
LEADER 00553nam a22001935a 4500
001 CEM.cems002272
005 20060216000000.0
008 130507s1947##################000#0#####d
003 CEMS
082 0 4 |a 861.1 
100 1 |a Ercilla 
245 1 0 |a La araucana /  |c Ercilla 
260 |a Buenos Aires :  |b Espasa Calpe,  |c 1947 
300 |a 164 p. 
653 |a Literatura 
653 |a Literatura española 
653 |a Poesia epica 
859 |a CEMS  |b BIB. CEMS - 11 de abril  |h 861.1  |i Er21  |p 8469.80  |t Ej.1 
859 |a CEMS  |b BIB. CEMS - 11 de abril  |h 861.1  |i Er21  |p 8470.80  |t Ej.2